[Event "24th Politiken Cup"]
[Site "Copenhagen DEN"]
[Date "2002.07.21"]
[Round "7"]
[White "Hillarp Persson,T"]
[Black "De Firmian,N"]
[Result "1-0"]
[WhiteElo "2461"]
[BlackElo "2551"]

1.d4 Nf6 2.c4 e6 3.Nc3 c5 4.d5 exd5 5.cxd5 d6 6.e4 g6 7.Nge2 Bg7 8.Ng3 O-O
9.Be2 a6 10.a4 Nbd7 11.O-O Rb8 12.Bg5 Qc7 13.Qd2 Re8 14.Kh1 c4 15.f3 h5 16.Rfc1 Nh7
17.Bh6 Bh8 18.a5 b5 19.axb6 Nxb6 20.Be3 h4 21.Nf1 h3 22.gxh3 Nf6 23.Ng3 Nfd7
24.Ra5 Qd8 25.Rg1 Kh7 26.h4 Ne5 27.h5 Nd3 28.Ra2 Qf6 29.hxg6+ fxg6 30.f4 Qh4
31.Bxd3 cxd3 32.Qxd3 Bg4 33.Rf1 Nd7 34.Rf2 Nf6 35.Bd4 Rb4 36.Bxf6 Bxf6 37.Rxa6 Bd4
38.Rg2 Bh3 39.Nce2 Bc5 40.b3 Rbxe4 41.Nxe4 Rxe4 42.Qxe4 Qe1+ 43.Rg1 Bxg1
44.Qe7+ Kh6 45.Qg5+ Kh7 46.Ra1 Qxa1 47.Qh4+ Kg7 48.Qxh3 Bc5+ 49.Kg2 Qd1 50.Qf3 Kh6
51.h4 Qd2 52.Kh3 Qd1 53.Kg4 Qc2 54.Ng3 Bf2 55.Qe2 Qc8+ 56.Qe6 Qc3 57.Nf5+ Kh7
58.Qf7+ Kh8 59.Qf8+ Kh7 60.Qh6+  1-0

[Event "24th Politiken Cup"]
[Site "Copenhagen DEN"]
[Date "2002.07.24"]
[Round "9"]
[White "Hanley,C"]
[Black "De Firmian,N"]
[Result "1/2-1/2"]
[WhiteElo "2331"]
[BlackElo "2551"]

1.d4 Nf6 2.Nf3 c5 3.c3 e6 4.Bg5 d5 5.e3 Nbd7 6.Nbd2 Be7 7.Bd3 b6 8.O-O Bb7
9.Qe2 O-O 10.a4 Ne4 11.Bxe7 Qxe7 12.Ba6 Bxa6 13.Qxa6 Nb8 14.Qd3 Nxd2 15.Qxd2 Nc6
16.Qe2 Rfd8 17.Rfd1 h6 18.e4 cxd4 19.Nxd4 Nxd4 20.Rxd4 dxe4 21.Qxe4 Rxd4
22.Qxd4 Rd8 23.Qe3 Rd6 24.h3 Qd7 25.a5 b5 26.Re1 Ra6 27.b4 Rc6 28.Qe5 a6
29.Re3 Rd6 30.Rg3 g6 31.Rg4 Rd1+  1/2-1/2

[Event "It"]
[Site "Stockholm SWE"]
[Date "2002.08.03"]
[Round "1"]
[White "Olsson,An"]
[Black "De Firmian,N"]
[Result "1-0"]
[WhiteElo "2327"]
[BlackElo "2551"]

1.e4 c5 2.Nf3 d6 3.d4 cxd4 4.Nxd4 Nf6 5.Nc3 a6 6.g3 e6 7.Bg2 Be7 8.O-O O-O
9.a4 Qc7 10.f4 Nc6 11.Nb3 b6 12.g4 Bb7 13.g5 Nd7 14.Be3 Rfe8 15.Rf3 Nb4 16.Rh3 g6
17.Rc1 Bf8 18.Qg4 Bg7 19.Qh4 Nf8 20.Qf2 Nd7 21.Qh4 Nf8 22.f5 exf5 23.exf5 Bxg2
24.Kxg2 Bxc3 25.bxc3 Nd5 26.Bd4 gxf5 27.Rf1 f4 28.Kg1 Re5 29.Nd2 Qc6 30.Bxe5 dxe5
31.Ne4 Qg6 32.Qe1 f5 33.Qd2 Ne7 34.Nf6+ Kh8 35.Qd6 Qxg5+ 36.Kh1 Neg6 37.Rg1 Qxg1+
38.Kxg1 Ra7 39.Qxb6 Rg7 40.Kf1 e4 41.Qd4 Ne6 42.Qd5 Ngf8 43.Qe5 Rb7 44.Nxe4+  1-0

[Event "It"]
[Site "Stockholm SWE"]
[Date "2002.08.04"]
[Round "2"]
[White "De Firmian,N"]
[Black "Ernst,T"]
[Result "1-0"]
[WhiteElo "2551"]
[BlackElo "2462"]

1.e4 c5 2.Nf3 d6 3.d4 cxd4 4.Nxd4 Nf6 5.Nc3 g6 6.Be3 Bg7 7.f3 Nc6 8.Qd2 O-O
9.O-O-O d5 10.exd5 Nxd5 11.Nxc6 bxc6 12.Bd4 e5 13.Bc5 Re8 14.Ne4 f5 15.Nd6 Bf8
16.Bb5 Bd7 17.Ba4 e4 18.Bb3 Bxd6 19.Bxd5+ cxd5 20.Qxd5+ Be6 21.Qxd6 Qg5+
22.f4 Qxg2 23.Bd4 Rac8 24.c3 Qh3 25.Qe5 Qh6 26.Qh8+ Kf7 27.Qf6+ Kg8 28.Be5  1-0

[Event "It"]
[Site "Stockholm SWE"]
[Date "2002.08.05"]
[Round "3"]
[White "Yakovich,Y"]
[Black "De Firmian,N"]
[Result "1/2-1/2"]
[WhiteElo "2586"]
[BlackElo "2551"]

1.d4 Nf6 2.Nf3 e6 3.c4 c5 4.e3 d5 5.cxd5 exd5 6.Bb5+ Bd7 7.Bxd7+ Nbxd7 8.dxc5 Nxc5
9.O-O Be7 10.Bd2 O-O 11.Bc3 Nfe4 12.Bd4 Ne6 13.Be5 Bf6 14.Nbd2 Rc8 15.Nb3 Bxe5
16.Nxe5 Qd6 17.Nf3 Rc4 18.Qd3 Rfc8 19.Rad1 Nf6 20.h3 Qb6 21.Rd2 g6 22.Qb1 a5
23.Nbd4 Ne4 24.Re2 a4 25.Nxe6 fxe6 26.Ne5 R4c7  1/2-1/2

[Event "It"]
[Site "Stockholm SWE"]
[Date "2002.08.06"]
[Round "4"]
[White "De Firmian,N"]
[Black "Couso,L"]
[Result "1/2-1/2"]
[WhiteElo "2551"]
[BlackElo "2345"]

1.e4 e6 2.d4 d5 3.Nc3 dxe4 4.Nxe4 Bd7 5.Nf3 Bc6 6.Bd3 Nd7 7.O-O Ngf6 8.Ned2 Be7
9.c4 O-O 10.b3 b6 11.Bb2 Bb7 12.Qe2 Re8 13.Rad1 c5 14.Bb1 Qc7 15.dxc5 bxc5
16.Ne4 Nxe4 17.Bxe4 Bxe4 18.Qxe4 Nf6 19.Qc2 Rad8 20.Ng5 h6 21.Ne4 Ng4 22.g3 f5
23.Qe2 Qc6 24.h3 Qxe4 25.Qxe4 fxe4 26.hxg4 Bf6 27.Ba3 Bd4 28.Rde1 Rd6 29.Bc1 Ra6
30.Re2 Rf8 31.Kg2 e5 32.Be3 Rff6 33.g5 hxg5 34.Bxg5 Rf3 35.Rxe4  1/2-1/2

[Event "It"]
[Site "Stockholm SWE"]
[Date "2002.08.07"]
[Round "5"]
[White "Hermansson,E"]
[Black "De Firmian,N"]
[Result "0-1"]
[WhiteElo "2423"]
[BlackElo "2551"]

1.e4 c5 2.Nf3 d6 3.d4 cxd4 4.Nxd4 Nf6 5.Nc3 a6 6.Be3 e6 7.Be2 Be7 8.a4 Nc6
9.O-O O-O 10.f4 Qc7 11.Kh1 Re8 12.Bf3 Bf8 13.Nb3 b6 14.a5 Nd7 15.axb6 Nxb6
16.Qe2 Nb4 17.Nb5 Qb8 18.N5d4 e5 19.fxe5 dxe5 20.Nf5 Be6 21.Qf2 Nd7 22.Bh5 Nxc2
23.Nc5 Nxc5 24.Bxc5 Bxf5 25.Bxf7+ Kxf7 26.Qxc2 Bxc5 27.Qxc5 Kg8 28.Rxf5 Qxb2
29.Qd5+ Kh8 30.Raf1 h6 31.Qf7 Qb6 32.Rf6 Qa7 33.Qg6 gxf6 34.Qxh6+ Qh7 35.Qxf6+ Qg7
36.Qh4+ Kg8 37.Rf5 Rf8  0-1

[Event "It"]
[Site "Stockholm SWE"]
[Date "2002.08.08"]
[Round "6"]
[White "Rytshagov,M"]
[Black "De Firmian,N"]
[Result "1-0"]
[WhiteElo "2503"]
[BlackElo "2551"]

1.e4 c5 2.Nf3 d6 3.d4 cxd4 4.Nxd4 Nf6 5.Nc3 a6 6.Be3 Ng4 7.Bg5 h6 8.Bh4 g5
9.Bg3 Bg7 10.h3 Nf6 11.Qf3 Qb6 12.O-O-O Nc6 13.Nxc6 Qxc6 14.Be2 Nd7 15.Nd5 Ne5
16.Qe3 Be6 17.h4 Rc8 18.c3 Qc5 19.Qxc5 Rxc5 20.hxg5 Bxd5 21.exd5 hxg5 22.Rxh8+ Bxh8
23.f3 Rc8 24.Bf2 Kd7 25.Be3 Bf6 26.Rh1 Rg8 27.Rh5 e6 28.dxe6+ Kxe6 29.Kc2 d5
30.g3 Nc4 31.Bc1 Ne5 32.Kd1 Nc4 33.Bf1 Ne5 34.f4 gxf4 35.Bxf4 b5 36.Bh3+ Kd6
37.Rf5 Bh8 38.Rxf7 Kc6 39.Ra7 Nd3 40.Rxa6+ Kb7 41.Rh6 Nxf4 42.gxf4 d4 43.Kc2 dxc3
44.bxc3 Rf8 45.Kb3 Bg7 46.Rd6 Bh8 47.f5 Bf6 48.Re6 Bh8 49.Bg2+ Ka7 50.Be4 Rf7
51.Kb4 Rc7 52.Kxb5  1-0

[Event "It"]
[Site "Stockholm SWE"]
[Date "2002.08.10"]
[Round "8"]
[White "Poley,V"]
[Black "De Firmian,N"]
[Result "1/2-1/2"]
[WhiteElo "2334"]
[BlackElo "2551"]

1.Nf3 c5 2.g3 Nc6 3.d4 cxd4 4.Nxd4 e6 5.Bg2 d5 6.O-O Bc5 7.Nb3 Bb6 8.Na3 Nf6
9.c4 h6 10.cxd5 exd5 11.Nb5 O-O 12.Bf4 Bg4 13.h3 Bh5 14.g4 Bg6 15.Rc1 Be4
16.Nd6 Bxg2 17.Kxg2 Qb8 18.Bg3 Bc7 19.Nf5 Bxg3 20.Nxg3 Qe5 21.f4 Qxb2 22.Rc2 Qa3
23.g5 hxg5 24.fxg5 Ne4 25.Qxd5 Nxg3 26.Rxf7 Rxf7 27.g6 Qe7 28.Qxf7+ Qxf7
29.gxf7+ Kxf7 30.Kxg3 Re8 31.Kf4 Kf6  1/2-1/2

[Event "It"]
[Site "Stockholm SWE"]
[Date "2002.08.11"]
[Round "9"]
[White "De Firmian,N"]
[Black "Carlsson,P"]
[Result "1-0"]
[WhiteElo "2551"]
[BlackElo "2400"]

1.e4 c5 2.Nf3 d6 3.d4 cxd4 4.Nxd4 Nf6 5.Nc3 g6 6.Bc4 Bg7 7.Bb3 O-O 8.h3 a6
9.O-O b5 10.Re1 Bb7 11.Bg5 Nbd7 12.Nd5 e6 13.Nxf6+ Bxf6 14.Bh6 Re8 15.c3 Nc5
16.Bc2 e5 17.Nb3 Na4 18.Nd2 Nb6 19.Qf3 Qe7 20.Bb3 Rad8 21.Rad1 d5 22.exd5 Bg7
23.Bxg7 Kxg7 24.Nf1 e4 25.Qg3 Nxd5 26.Rd4 Nf6 27.Ne3 Kf8 28.Red1 Rxd4 29.Rxd4 Rd8
30.Rxd8+ Qxd8 31.Qe5 Qe7 32.Qd4 h5 33.a4 bxa4 34.Bxa4 Kg8 35.c4 Kg7 36.c5 Qc7
37.c6 Bc8 38.Qxf6+  1-0

[Event "Imre Konig Mem"]
[Site "San Francisco USA"]
[Date "2002.09.04"]
[Round "1"]
[White "Atalik,S"]
[Black "De Firmian,N"]
[Result "1/2-1/2"]
[WhiteElo "2551"]
[BlackElo "2551"]

1.e4 Nf6 2.e5 Nd5 3.d4 d6 4.c4 Nb6 5.f4 dxe5 6.fxe5 Bf5 7.Nc3 e6 8.Nf3 Nc6
9.Be3 Bg4 10.Be2 Bxf3 11.gxf3 Qh4+ 12.Bf2 Qf4 13.c5 Nd5 14.Nxd5 exd5 15.Qd2 Qxd2+
16.Kxd2 g6 17.f4 Bh6 18.Be3 Ne7 19.Bd3 Nf5 20.Bxf5 gxf5 21.Rhg1 Kd7 22.Rg3 Rag8
23.b4 Rxg3 24.hxg3 Bf8 25.b5 c6 26.a4 Be7 27.Rh1 h5 28.Bf2 Bd8 29.Ke2 Rh6
30.Kf3 Rh8 31.Be1 Rh6 32.Rh2 Rh8 33.Rb2 Kc8 34.bxc6 bxc6 35.a5 a6  1/2-1/2

[Event "Imre Konig Mem"]
[Site "San Francisco USA"]
[Date "2002.09.05"]
[Round "2"]
[White "De Firmian,N"]
[Black "Fedorowicz,J"]
[Result "1/2-1/2"]
[WhiteElo "2551"]
[BlackElo "2509"]

1.e4 e6 2.d4 d5 3.Nc3 Bb4 4.exd5 exd5 5.Bd3 Ne7 6.Ne2 O-O 7.O-O Bf5 8.Ng3 Bxd3
9.Qxd3 c6 10.Nce2 Bd6 11.Bf4 Na6 12.c3 Nc7 13.Rfe1 Ne6 14.Bxd6 Qxd6 15.Nf5 Nxf5
16.Qxf5 Rfe8 17.Ng3  1/2-1/2

[Event "Tch-SWE 2002-3"]
[Site "Sweden SWE"]
[Date "2002.12.07"]
[Round "5"]
[White "Popov,Val"]
[Black "De Firmian,N"]
[Result "1/2-1/2"]
[WhiteElo "2579"]
[BlackElo "2537"]

1.d4 Nf6 2.c4 e6 3.Nc3 Bb4 4.Qc2 O-O 5.a3 Bxc3+ 6.Qxc3 Ne4 7.Qc2 f5 8.Nh3 d6
9.f3 Nf6 10.e3 e5 11.Be2 c5 12.d5 f4 13.Nf2 Nh5 14.Bd3 h6 15.e4 a5 16.Bd2 Na6
17.Rb1 Nf6 18.g3 b6 19.Rg1 Nh5 20.Be2 Bd7 21.Nd1 Nc7 22.b4 axb4 23.axb4 cxb4
24.Bxb4 Ba4 25.Qb2 Na6 26.Bd2 Bxd1 27.Kxd1 Nc5 28.Ra1 Rxa1+ 29.Qxa1 Nb3 30.Qa3 Nxd2
31.Kxd2 Qc7 32.g4 Nf6 33.Ra1 Nd7 34.h4 Nc5 35.g5 hxg5 36.hxg5 Kf7 37.Qa7 Rc8
38.Kc3 Kg6 39.Qxc7 Rxc7 40.Kb4 Kxg5 41.Kb5 Nd7 42.Rg1+ Kf6 43.Ka6 g6 44.Bf1 Rc5
45.Ka7 g5  1/2-1/2

[Event "Edda Rapid"]
[Site "Reykjavic ISL"]
[Date "2003.03.04"]
[Round "5"]
[White "Topalov,V"]
[Black "De Firmian,N"]
[Result "1/2-1/2"]
[WhiteElo "2743"]
[BlackElo "2537"]

1.d4 Nf6 2.c4 e6 3.Nf3 b6 4.Nc3 h6 5.Bg5 Bb4 6.Bh4 Bxc3+ 7.bxc3 Bb7 8.Nd2 d6
9.f3 Nc6 10.e4 Qe7 11.c5 bxc5 12.Rb1 g5 13.Bf2 Ba6 14.Be2 Bc8 15.Bb5 Bd7
16.Qa4 Nd8 17.dxc5 O-O 18.cxd6 cxd6 19.O-O Bxb5 20.Rxb5 Nc6 21.Rfb1 Rfc8
22.Rb7 Qd8 23.Qa3 Rc7 24.h4 Ne8 25.hxg5 hxg5 26.Rxc7 Qxc7 27.c4 Rb8 28.Rb5 f6
29.Qb3 a6 30.Rxb8 Nxb8 31.Bb6 Qc8 32.c5 Nc6 33.cxd6 Nxd6 34.Bc5 Ne8 35.Nf1 Kf7
36.Bd4 Nb8 37.Qb4 Nd7 38.a4 g4 39.Ne3 gxf3 40.gxf3 Nd6 41.Ng4 Nb7 42.Kf2 Kg7
43.Kf1 Kf7 44.Kf2 Nbc5 45.Ke3 Qc6 46.Kd2 Nxa4 47.Qb3 Kg7 48.Bf2 e5 49.Be3 Nac5
50.Bh6+  1/2-1/2

[Event "Tch-SWE 2002-3"]
[Site "Sweden SWE"]
[Date "2003.03.14"]
[Round "9"]
[White "De Firmian,N"]
[Black "Gdanski,J"]
[Result "1/2-1/2"]
[WhiteElo "2537"]
[BlackElo "2506"]

1.e4 e5 2.Nf3 d6 3.d4 exd4 4.Qxd4 a6 5.Bg5 Nc6 6.Qd2 Be7 7.Nc3 Bxg5 8.Nxg5 h6
9.Nf3 Nge7 10.Bc4 O-O 11.O-O Be6 12.Bb3 Qd7 13.Nd5 Rad8 14.Rfe1 Rfe8 15.h3 Ne5
16.Nxe7+ Qxe7 17.Nd4 Bxb3 18.axb3 Qf6 19.c3 Ng6 20.Re3 d5 21.exd5 Rxe3 22.Qxe3 Rxd5
23.Qe8+ Kh7 24.Qe4 Qe5 25.Re1 Qxe4 26.Rxe4 Re5 27.Rxe5 Nxe5 28.b4 Nd3 29.b3 Kg6
30.Kf1 Kf6 31.g3 c5 32.bxc5 Nxc5 33.f3 Ke5 34.Ke2 Ne6 35.Nxe6 Kxe6 36.Kd3 Kd5
37.b4 b6  1/2-1/2

[Event "Tch-SWE 2002-3"]
[Site "Sweden SWE"]
[Date "2003.03.16"]
[Round "11"]
[White "Olausson,C"]
[Black "De Firmian,N"]
[Result "1/2-1/2"]
[WhiteElo "2272"]
[BlackElo "2537"]

1.Nf3 c5 2.c4 Nc6 3.g3 g6 4.Bg2 Bg7 5.O-O d6 6.Nc3 e5 7.d3 Nge7 8.Ne1 Be6
9.Bg5 f6 10.Be3 O-O 11.a3 Qd7 12.Rb1 Bh3 13.b4 Bxg2 14.Kxg2 Nd4 15.Bd2 b6
16.Nc2 f5 17.f3 Rf7 18.Ne3 f4 19.Ned5 Nxd5 20.Nxd5 fxg3 21.hxg3 Raf8 22.Nc3 h5
23.Ne4 Rf5 24.Be3 Bf6 25.Bxd4 exd4 26.Rh1 Bg5  1/2-1/2

[Event "Classics GM"]
[Site "Gausdal NOR"]
[Date "2003.04.05"]
[Round "3"]
[White "Kallio,H"]
[Black "De Firmian,N"]
[Result "1/2-1/2"]
[WhiteElo "2470"]
[BlackElo "2536"]

1.d4 Nf6 2.c4 e6 3.Nf3 c5 4.d5 exd5 5.cxd5 d6 6.Nc3 g6 7.e4 a6 8.h3 b5 9.Bd3 Bg7
10.O-O O-O 11.Bf4 Re8 12.Re1 Qb6 13.a3 Nbd7 14.Qd2 Bb7 15.b4 Rac8 16.Rac1 Ba8
17.Bh6  1/2-1/2

[Event "Classics GM"]
[Site "Gausdal NOR"]
[Date "2003.04.05"]
[Round "4"]
[White "Daly,C"]
[Black "De Firmian,N"]
[Result "0-1"]
[WhiteElo "2353"]
[BlackElo "2536"]

1.Nf3 c5 2.c4 Nc6 3.d4 cxd4 4.Nxd4 g6 5.e4 Nf6 6.Nc3 d6 7.f3 Nxd4 8.Qxd4 Bg7
9.Bg5 O-O 10.Qd2 Be6 11.Rc1 a6 12.b3 Qd7 13.Be2 Rab8 14.Nd5 Bxd5 15.cxd5 Rfc8
16.O-O Kf8 17.Be3 Rxc1 18.Rxc1 Rc8 19.a4 Qd8 20.b4 Nd7 21.Rc2 h5 22.a5 Kg8
23.Qc1 Rxc2 24.Qxc2 Kh7 25.Bf1 Bf6 26.f4 Bg7 27.g3 Nf6 28.Bh3 Ng4 29.Bb6 Qd7
30.f5 gxf5 31.exf5 Nf6 32.Bf1 Kg8 33.Bg2 Bh6 34.h3 Kg7 35.Bd4 Qb5 36.Qe4 Qa4
37.Kh2 Qd1 38.Bc3 Qc1 39.Bxf6+ exf6 40.h4 Qb2 41.Kh3 Bd2 42.Bf3 Qxb4 43.Qe7 Qb1
44.Kg2 Bxa5 45.Bxh5 Qa2+ 46.Be2 Bc3 47.h5 Qxd5+ 48.Bf3 Qd2+ 49.Kh3 Be5 50.Qxb7 Qf2  0-1

[Event "Classics GM"]
[Site "Gausdal NOR"]
[Date "2003.04.06"]
[Round "5"]
[White "De Firmian,N"]
[Black "Bluvshtein,M"]
[Result "1-0"]
[WhiteElo "2536"]
[BlackElo "2451"]

1.e4 c5 2.Nf3 d6 3.d4 cxd4 4.Nxd4 Nf6 5.Nc3 Nc6 6.Bc4 e6 7.Be3 a6 8.O-O Be7
9.a4 Bd7 10.Ba2 O-O 11.Qe2 b5 12.axb5 Nxd4 13.Bxd4 axb5 14.Nxb5 Ra4 15.Rfd1 Bxb5
16.Qxb5 Qa8 17.Qf1 e5 18.Bb3 Rxa1 19.Rxa1 Qxe4 20.Bc3 Qc6 21.Ra6 Qc7 22.Qa1 d5
23.Ra7 Qd6 24.Qe1 e4 25.Qd1 Bd8 26.Bd4 Bc7 27.g3 Bb8 28.Rb7 Ne8 29.Qh5 Nc7
30.Qe5 Ne6 31.Qxd6 Bxd6 32.Ba7 Rc8 33.Bxd5 Rxc2 34.Bxe4 Rc1+ 35.Kg2 Nc5 36.Bxc5 Rxc5
37.Rd7 Bf8 38.Bd5 g6 39.b3 Rc2 40.Rxf7 Rb2 41.h4 h5 42.Rc7+ Kh8 43.Rc6 Kg7
44.Be4 Rxb3 45.Rxg6+ Kf7 46.Rg5 Rb2  1-0

[Event "Classics GM"]
[Site "Gausdal NOR"]
[Date "2003.04.07"]
[Round "6"]
[White "Kristjansson,S"]
[Black "De Firmian,N"]
[Result "0-1"]
[WhiteElo "2406"]
[BlackElo "2536"]

1.e4 Nf6 2.e5 Nd5 3.d4 d6 4.c4 Nb6 5.exd6 exd6 6.Nc3 Be7 7.Bd3 O-O 8.Nge2 Nc6
9.O-O Bg4 10.f3 Bh5 11.b3 Bg6 12.Be3 Re8 13.Bxg6 hxg6 14.Qd2 Bf6 15.Rae1 d5
16.c5 Nc8 17.Bf2 Bg5 18.f4 Bf6 19.g4 b6 20.g5 Be7 21.Ng3 Qd7 22.Qe2 bxc5
23.dxc5 d4 24.Na4 Rd8 25.Qe4 Bf8 26.f5 N8e7 27.f6 gxf6 28.gxf6 Nd5 29.Bxd4 Re8
30.Qh4 Nxd4 31.Qxd4 Qc6 32.h3 Rxe1 33.Rxe1 Nxf6 34.Ne4 Nxe4 35.Rxe4 Bg7 36.Qd3 Qf6
37.Qe2 Rd8 38.Re8+ Rxe8 39.Qxe8+ Kh7 40.Qe2 Qg5+ 41.Kf1 Bd4 42.Qc4 Qf4+ 43.Ke2 Kg7
44.Kd3 Qe3+ 45.Kc2 Qf2+ 46.Kd3 Bf6 47.Qg4 Qxa2 48.Kc4 Qc2+ 49.Kb5 Qxb3+ 50.Kc6 Be5
51.Qe4 Qe6+ 52.Kb7 a5 53.c6 Qd6 54.Ka6 f5 55.Qc4 Qd4 56.Qb5 Bd6 57.Qxa5 f4
58.Nc3 f3 59.Nb5 Qc5 60.Kb7 f2  0-1

[Event "Classics GM"]
[Site "Gausdal NOR"]
[Date "2003.04.09"]
[Round "9"]
[White "De Firmian,N"]
[Black "Paehtz,E"]
[Result "1/2-1/2"]
[WhiteElo "2536"]
[BlackElo "2384"]

1.e4 c5 2.Nf3 d6 3.Bb5+ Bd7 4.Bxd7+ Nxd7 5.O-O Ngf6 6.Re1 e6 7.c3 Be7 8.d4 cxd4
9.cxd4 d5 10.e5 Ne4 11.Nbd2 Nxd2 12.Bxd2 O-O 13.Rc1  1/2-1/2

[Event "25th Politiken Cup"]
[Site "Copenhagen DEN"]
[Date "2003.07.14"]
[Round "1"]
[White "De Firmian,N"]
[Black "Christensen,Jan2"]
[Result "1-0"]
[WhiteElo "2553"]
[BlackElo "2053"]

1.e4 e5 2.Nf3 Nc6 3.Bb5 Bc5 4.c3 f5 5.d4 fxe4 6.Bxc6 exf3 7.Bxf3 exd4 8.O-O Nf6
9.cxd4 Be7 10.Nc3 d5 11.Bxd5 Bg4 12.Bf3 Bxf3 13.Qxf3 c6 14.Bf4 O-O 15.Be5 Nd7
16.Qe2 Bf6 17.f4 Qa5 18.Kh1 Rae8 19.Qc4+ Kh8 20.Ne4 h6 21.Nd6 Re7 22.Nxb7 Qb6
23.Nd6 Qxb2 24.Rab1 Qd2 25.Ne4 Qe3 26.Rbe1  1-0

[Event "25th Politiken Cup"]
[Site "Copenhagen DEN"]
[Date "2003.07.15"]
[Round "2"]
[White "Rossen,C"]
[Black "De Firmian,N"]
[Result "0-1"]
[WhiteElo "2202"]
[BlackElo "2553"]

1.d4 Nf6 2.c4 e6 3.Nc3 Bb4 4.Qc2 O-O 5.a3 Bxc3+ 6.Qxc3 d6 7.Bg5 Nbd7 8.Nf3 b6
9.Nd2 Bb7 10.f3 h6 11.Bh4 Re8 12.e3 Nf8 13.Bd3 Ng6 14.Bxg6 fxg6 15.O-O g5
16.Bg3 Qe7 17.b4 g4 18.fxg4 Nxg4 19.e4 Rf8 20.h3 Nf6 21.e5 Nh5 22.Qe3 Nxg3
23.Qxg3 d5 24.cxd5 Bxd5 25.Rac1 Qd7 26.Rxf8+ Rxf8 27.Rf1 Qa4 28.Rxf8+ Kxf8
29.Nf1 Qd1 30.Qf4+ Kg8 31.Kh2 Qd3 32.Ne3 g5 33.Qg3 Qxd4 34.Nxd5 Qxd5 35.h4 Qd2
36.Kh3 c5 37.bxc5 bxc5 38.Qf3 Qd4 39.Qa8+ Kf7 40.Qxa7+ Kg6 41.h5+ Kf5 42.Qh7+ Kxe5
43.g3 Qe3 44.Qg7+ Kd5 45.a4 Kc4 46.Qb2 Qg1 47.Qb5+ Kd4 48.Qd7+ Kc3 49.Qg7+ Kb4
50.Qxh6 Qf1+ 51.Kh2 Qe2+ 52.Kg1 Qd1+ 53.Kg2 Qd2+ 54.Kg1 c4 55.Qf8+ Kb3 56.Qf3+ c3
57.h6 g4 58.Qb7+ Ka2 59.Qg2 Qxg2+ 60.Kxg2 c2 61.h7 c1=Q 62.h8=Q Qd2+ 63.Kg1 Qd1+
64.Kg2 Qc2+ 65.Kh1 Qd3 66.Kg2 Qe4+ 67.Kg1 Qxa4 68.Qe5 Qc4 69.Kf2 Kb3 70.Qe3+ Kc2
71.Qe5 Qd5 72.Qc7+ Kd1 73.Qb8 Qd4+ 74.Kg2 e5 75.Qb3+ Kc1 76.Qf7 e4 77.Qe7 Kd1
78.Qf7 Qd2+ 79.Kf1 Qd3+  0-1

[Event "25th Politiken Cup"]
[Site "Copenhagen DEN"]
[Date "2003.07.18"]
[Round "5"]
[White "De Firmian,N"]
[Black "Holst,A"]
[Result "0-1"]
[WhiteElo "2553"]
[BlackElo "2361"]

1.e4 e6 2.d4 d5 3.Nc3 dxe4 4.Nxe4 Bd7 5.Nf3 Bc6 6.Bd3 Nd7 7.O-O Ngf6 8.Ned2 Be7
9.c4 O-O 10.Qe2 b6 11.b3 Bb7 12.Bb2 Re8 13.Rad1 c5 14.dxc5 bxc5 15.Ng5 Qc7
16.f4 Rad8 17.Ndf3 Bxf3 18.Rxf3 g6 19.Bc2 Nf8 20.Rdf1 Ng4 21.Rg3 f5 22.Nxh7 Kxh7
23.Rxg4 fxg4 24.Qxg4 Rd4 25.h4 Bf6 26.h5 Kh6 27.hxg6 Kg7 28.Kh2 Nd7 29.Bxd4 Bxd4
30.Kg3 Nf6 31.Qh3 e5 32.Kf3 exf4 33.Be4 Rxe4  0-1

[Event "25th Politiken Cup"]
[Site "Copenhagen DEN"]
[Date "2003.07.19"]
[Round "6"]
[White "Hanssen,G"]
[Black "De Firmian,N"]
[Result "0-1"]
[WhiteElo "2280"]
[BlackElo "2553"]

1.d4 Nf6 2.c4 e6 3.Nf3 c5 4.Nc3 cxd4 5.Nxd4 Nc6 6.Ndb5 Bb4 7.Bf4 O-O 8.Bd6 Bxd6
9.Nxd6 Ne8 10.e3 Qb6 11.Rb1 Qb4 12.Nxe8 Rxe8 13.Be2 Rd8 14.O-O b6 15.Qd2 Ba6
16.a3 Qe7 17.b3 Rac8 18.Rfd1 d6 19.Rbc1 h6 20.Qb2 Ne5 21.Ne4 Bb7 22.Nxd6 Rxd6
23.Qxe5 Rxd1+ 24.Rxd1 Qxa3 25.h3 Qe7 26.Qd4 Bc6 27.Bf1 Qb4 28.Qd3 a5 29.g3 b5
30.Rc1 Be8 31.c5 Bc6 32.Qc3 Qe4  0-1

[Event "25th Politiken Cup"]
[Site "Copenhagen DEN"]
[Date "2003.07.20"]
[Round "7"]
[White "De Firmian,N"]
[Black "Gullaksen,E"]
[Result "1-0"]
[WhiteElo "2553"]
[BlackElo "2359"]

1.e4 c5 2.Nf3 Nc6 3.d4 cxd4 4.Nxd4 Nf6 5.Nc3 e5 6.Ndb5 d6 7.a4 h6 8.Be3 a6
9.Na3 Be6 10.Nc4 Be7 11.Nb6 Rb8 12.Ncd5 O-O 13.Be2 Rc8 14.O-O Bxd5 15.exd5 Nb8
16.a5 Nbd7 17.Na4 Ne8 18.Nb6 Nxb6 19.Bxb6 Qd7 20.c4 f5 21.b4 Nf6 22.Qb3 Kh8
23.Rfd1 Ra8 24.c5 Rfc8 25.Rac1 Qe8 26.Qf3 g6 27.c6 bxc6 28.dxc6 d5 29.Qe3 Bxb4
30.Qxh6+ Kg8 31.c7 Kf7 32.Rxd5 Bf8 33.Qd2 Nxd5 34.Bc4 Kg7 35.Bxd5 Qd7 36.Qa2 Ra7
37.Bxa7 Rxc7 38.Be3 f4 39.Rxc7 Qxc7 40.Bd2  1-0

[Event "25th Politiken Cup"]
[Site "Copenhagen DEN"]
[Date "2003.07.25"]
[Round "11"]
[White "De Firmian,N"]
[Black "Ward,C"]
[Result "1-0"]
[WhiteElo "2553"]
[BlackElo "2531"]

1.e4 c5 2.Nf3 d6 3.d4 cxd4 4.Nxd4 Nf6 5.Nc3 g6 6.Be3 Bg7 7.f3 Nc6 8.Qd2 O-O
9.O-O-O d5 10.exd5 Nxd5 11.Nxc6 bxc6 12.Bd4 e5 13.Bc5 Be6 14.Ne4 Rb8 15.Bc4 f5
16.Bxf8 Qxf8 17.Ng5 e4 18.c3 e3 19.Qd3 Rxb2 20.Kxb2 Bxc3+ 21.Qxc3 Nxc3 22.Bxe6+ Kg7
23.Rd7+ Kh6 24.h4 Na4+ 25.Kc2 Qc5+ 26.Kb3 Qb5+ 27.Ka3 Qc5+ 28.Kxa4 Qb5+ 29.Ka3 Qc5+
30.Kb2 Qe5+ 31.Kb1  1-0

[Event "2nd Milk Tournament"]
[Site "Selfoss ISL"]
[Date "2003.11.04"]
[Round "6"]
[White "De Firmian,N"]
[Black "Thorhallsson,T"]
[Result "1-0"]
[WhiteElo "2553"]
[BlackElo "2444"]

1.e4 c5 2.Nf3 d6 3.d4 cxd4 4.Nxd4 Nf6 5.Nc3 Nc6 6.Bc4 Qb6 7.Ndb5 a6 8.Nd4 Qa5
9.Be3 e6 10.O-O Be7 11.Bb3 O-O 12.Kh1 Qc7 13.f4 Na5 14.f5 Nxb3 15.axb3 Bd7
16.g4 Bc6 17.Qf3 Nd7 18.g5 Ne5 19.Qg2 exf5 20.Nxf5 Rfe8 21.Bd4 Bf8 22.Ne3 Re6
23.Ned5 Bxd5 24.Nxd5 Qc6 25.Bxe5 Rxe5 26.Rf4 Rc8 27.c4 Qe8 28.Raf1 Rd8 29.Rh4 b5
30.Nf6+ gxf6 31.gxf6+ Kh8 32.Rg1 Bh6 33.Rxh6 Qg8 34.Qh3  1-0

[Event "2nd Milk Tournament"]
[Site "Selfoss ISL"]
[Date "2003.11.05"]
[Round "7"]
[White "Rowson,J"]
[Black "De Firmian,N"]
[Result "1-0"]
[WhiteElo "2541"]
[BlackElo "2553"]

1.e4 c5 2.Nf3 d6 3.d4 cxd4 4.Nxd4 Nf6 5.Nc3 a6 6.Be3 Ng4 7.Bg5 h6 8.Bh4 g5
9.Bg3 Bg7 10.h3 Nf6 11.Qe2 Nc6 12.Nxc6 bxc6 13.e5 dxe5 14.Bxe5 O-O 15.h4 g4
16.g3 a5 17.Bg2 Ba6 18.Qe3 Rc8 19.Rd1 Nd5 20.Nxd5 cxd5 21.Rxd5 Bxe5 22.Qxh6 Rxc2
23.Rxe5  1-0

[Event "TCh-SWE 2003-4"]
[Site "Malmo SWE"]
[Date "2003.11.11"]
[Round "3"]
[White "Schneider,LA"]
[Black "De Firmian,N"]
[Result "0-1"]
[WhiteElo "2385"]
[BlackElo "2553"]

1.Nf3 c5 2.c4 Nc6 3.g3 g6 4.Bg2 Bg7 5.O-O d6 6.Nc3 e5 7.d3 Nge7 8.Ne1 Be6
9.Nd5 O-O 10.a3 a5 11.Bg5 f6 12.Bd2 Rb8 13.Rb1 b5 14.cxb5 Rxb5 15.Nxe7+ Nxe7
16.b4 axb4 17.axb4 c4 18.dxc4 Bxc4 19.Nc2 Be6 20.Ne3 Qd7 21.Qa4 Rfb8 22.Rfc1 d5
23.Rb2 Bf8 24.Rbc2 d4 25.Rc7 Qd8 26.Nf1 Nd5 27.R7c6 Bf7 28.Qa6 Kg7 29.Rc8 Qd7
30.Bxd5 Qxd5 31.Qa7 Rxc8 32.Rxc8 Qb7 33.Qxb7 Rxb7  0-1

[Event "TCh-SWE 2003-4"]
[Site "Malmo SWE"]
[Date "2003.11.30"]
[Round "5"]
[White "De Firmian,N"]
[Black "Callergard,R"]
[Result "1-0"]
[WhiteElo "2553"]
[BlackElo "2315"]

1.e4 c5 2.Nf3 d6 3.d4 cxd4 4.Nxd4 Nf6 5.Nc3 e6 6.Be2 Be7 7.O-O O-O 8.f4 Nc6
9.Be3 Nxd4 10.Qxd4 a6 11.a4 Qc7 12.a5 Bd7 13.e5 Ne8 14.Bd3 Bc6 15.Ne4 Rd8
16.Qc3 Bxe4 17.Bxe4 d5 18.Bd3 d4 19.Qxc7 Nxc7 20.Bf2 Rd7 21.Rfd1 Nd5 22.g3 Bc5
23.c3 Rfd8 24.cxd4 Nb4 25.Be4 Bxd4 26.Bxd4 Rxd4 27.Rxd4 Rxd4 28.Bxb7 Rd7
29.Bf3 Rc7 30.Ra4 Rc1+ 31.Kf2 Rc2+ 32.Ke3 Rxb2 33.Kd4 Na2 34.Rc4 g6 35.Rc6 Rb4+
36.Ke3 Rb3+ 37.Kf2 Rb2+ 38.Be2 Kg7 39.Kf3 Rb3+ 40.Kg4 h5+ 41.Kh3 Re3 42.Bc4 Rc3
43.Rc8 Ra3 44.Rc7 Kf8 45.Kh4 Nc3 46.Kg5 Rxa5 47.Kh6 Ne4 48.Ra7 Nc5 49.Ra8+ Ke7
50.Kg7 Ra4 51.Ra7+ Nd7 52.Be2 Ra5 53.Bf3 Rc5 54.Rxa6 Rc7 55.Ra8 Rc3 56.Be2 Rc5
57.Ra7 g5 58.Bd1 gxf4 59.Ba4 Rd5 60.gxf4  1-0

[Event "33rd Rilton Cup"]
[Site "Stockholm SWE"]
[Date "2003.12.02"]
[Round "6"]
[White "Akesson,R"]
[Black "De Firmian,N"]
[Result "1/2-1/2"]
[WhiteElo "2431"]
[BlackElo "2553"]

1.Nf3 c5 2.c4 Nc6 3.d4 cxd4 4.Nxd4 Nf6 5.Nc3 e6 6.Bg5 Be7 7.e3 O-O 8.Be2 d5
9.cxd5 Nxd5 10.Nxc6 bxc6 11.Bxe7 Qxe7 12.Qc2 Nb4 13.Qc1 e5 14.O-O e4 15.Rd1 Bf5  1/2-1/2

[Event "33rd Rilton Cup"]
[Site "Stockholm SWE"]
[Date "2003.12.03"]
[Round "7"]
[White "De Firmian,N"]
[Black "Berkes,F"]
[Result "1/2-1/2"]
[WhiteElo "2553"]
[BlackElo "2616"]

1.e4 c5 2.Nf3 d6 3.d4 cxd4 4.Nxd4 Nf6 5.Nc3 a6 6.Be3 e6 7.a4 Be7 8.Be2 b6
9.f4 Bb7 10.Bf3 Qc7 11.g4 Nc6 12.g5 Nd7 13.O-O O-O 14.Bg2 Rfe8  1/2-1/2